Langues européennes avec le plus de voyelles - Statistiques

Statistiques générales
  • Ce quiz a été pris 36 fois
  • Le résultat moyen est 8 sur 15
Statistiques - réponses
Nombre de
voyelles
Famille de
langue
Langue % Correct
19 Germanique Allemand
100%
21 Germanique Anglais
87%
26 Romane Espagnol
87%
31 Romane Italien
83%
28 Romane Portugais
77%
49 Germanique Danois
73%
36 Germanique Néerlandais
70%
24 Germanique Norvégien bokmål
67%
24 Celtique Irlandais
43%
34 Celtique Breton
33%
22 Germanique Luxembourgeois
30%
31 Romane Occitan
23%
32 Germanique Frison occidental
10%
31 Ibéro-daghestanais Tchétchène
10%
21 Romane Ligure
3%
Aucun quiz correspondant
Distribution des résultats
% des personnes avec chaque résultat
Percentile par nombre de réponses
Votre historique - résultats
Vous n’avez pas pris ce quiz